| 000 | 01665nam a22004577a 4500 | ||
|---|---|---|---|
| 001 | 4980617 | ||
| 003 | OSt | ||
| 005 | 20210421054552.0 | ||
| 008 | 980617s1998 nyu 000 1 eng | ||
| 010 | _a 98029842 | ||
| 020 | _a0374270325 (alk. paper) | ||
| 040 |
_aeng _cDLC _deng _dOCoLC _dDLC _beng |
||
| 041 | _aeng | ||
| 043 | _an-us-ga | ||
| 050 | 0 | 0 |
_aPS3573.O526 _bM26 1998 |
| 080 |
_a821.111 _bW-81 |
||
| 082 | 0 | 0 |
_a813/.54 _221 |
| 100 | 1 | _aWolfe, Tom. | |
| 245 | 1 | 2 |
_aA man in full : _ba novel / _cTom Wolfe. |
| 250 | _a1st trade ed. | ||
| 260 |
_aNew York : _bFarrar, Straus and Giroux, _c1998. |
||
| 300 |
_a742 p. ; _c25 cm. |
||
| 365 | _b28.95 usd | ||
| 650 | 0 |
_aConglomerate corporations _vFiction. |
|
| 650 | 0 |
_aEnglish literature _9247 |
|
| 650 | 0 |
_aAcquaintance rape _vFiction. |
|
| 650 | 0 |
_aAfrican American lawyers _vFiction. |
|
| 650 | 0 |
_aPolitics, Practical _vFiction. |
|
| 650 | 0 |
_aPolitical corruption _vFiction. |
|
| 650 | 0 |
_aAfrican Americans _vFiction. |
|
| 651 | 0 |
_aAtlanta (Ga.) _vFiction. |
|
| 653 | _aინგლისური ლიტერატურა | ||
| 653 | _aპოლიტიკა | ||
| 653 | _aაფრო-ამერიკელები | ||
| 655 | 7 |
_aLegal stories. _2gsafd |
|
| 856 | 4 | 2 |
_3Contributor biographical information _uhttp://www.loc.gov/catdir/bios/hol054/98029842.html |
| 856 | 4 | 2 |
_3Publisher description _uhttp://www.loc.gov/catdir/description/hol042/98029842.html |
| 906 |
_a7 _bcbc _corignew _d1 _eocip _f19 _gy-gencatlg |
||
| 942 |
_2udc _cBK _e1 |
||
| 999 |
_c603 _d603 |
||